| 000 | 00411nam a2200145Ia 4500 | ||
|---|---|---|---|
| 008 | 220204s9999 xx 000 0 und d | ||
| 082 |
_a576.316 _bJOH |
||
| 100 | _aJOHN, Bernard | ||
| 245 | 0 | _aChromosome hierarchy; An introduction to the biology of the chromosome | |
| 260 |
_aOxford _bClarendon _c1975 |
||
| 650 | _aChromosome | ||
| 650 | _aChromosome hierarchy | ||
| 700 | _aLEWIS, Kenneth R | ||
| 942 | _cBK | ||
| 999 |
_c24087 _d24087 |
||